_The Book of Tax Knowledge (Record no. 13034)
[ view plain ]
| 000 -LEADER | |
|---|---|
| fixed length control field | 00444nam a2200157Ia 4500 |
| 008 - FIXED-LENGTH DATA ELEMENTS--GENERAL INFORMATION | |
| fixed length control field | 151021s9999 xx 000 0 und d |
| 020 ## - INTERNATIONAL STANDARD BOOK NUMBER | |
| International Standard Book Number | 887230121 |
| 050 ## - LIBRARY OF CONGRESS CALL NUMBER | |
| Classification number | KF 6297.z9B6 1988 |
| 245 ## - TITLE STATEMENT | |
| Title | _The Book of Tax Knowledge |
| 260 ## - PUBLICATION, DISTRIBUTION, ETC. (IMPRINT) | |
| Place of publication, distribution, etc. | New York : Boardroom Classics, 1989 |
| 300 ## - PHYSICAL DESCRIPTION | |
| Extent | xiii,,325 p. |
| 500 ## - GENERAL NOTE | |
| General note | Includes index |
| 500 ## - GENERAL NOTE | |
| General note | Includes index |
| 650 ## - SUBJECT ADDED ENTRY--TOPICAL TERM | |
| Topical term or geographic name as entry element | _Tax planning in the U S |
| 980 ## - EQUIVALENCE OR CROSS-REFERENCE-SERIES STATEMENT--PERSONAL NAME/TITLE [LOCAL, CANADA] | |
| Personal name | ^d20130506 01:19:28^oanne |
No items available.